000 00567nam a2200181Ia 4500
008 090124s9999 xx 000 0 und d
082 _b30505
_a642
100 _aपंडित नलिनी
245 _a" धर्म, शासन आणि समाज"
250 _a2
260 _c1999
300 _a94
600 _aपंडित नलिनी
630 _a" धर्म, शासन आणि समाज"
700 _aपंडित नलिनी
730 _a" धर्म, शासन आणि समाज"
942 _cBOOK
999 _c143986
_d143986